Ares and the spear of fear / (Record no. 128565)
[ view plain ]
| 000 -LEADER | |
|---|---|
| fixed length control field | 01492pam a2200409 i 4500 |
| 001 - CONTROL NUMBER | |
| control field | BK0013899736 |
| 005 - DATE AND TIME OF LATEST TRANSACTION | |
| control field | 20241220141535.0 |
| 008 - FIXED-LENGTH DATA ELEMENTS--GENERAL INFORMATION | |
| fixed length control field | 140328s2014 nyua j 000 1 eng d |
| 010 ## - LIBRARY OF CONGRESS CONTROL NUMBER | |
| LC control number | bl2014013631 |
| 020 ## - INTERNATIONAL STANDARD BOOK NUMBER | |
| International Standard Book Number | 9781442488489 : PAP |
| Terms of availability | $5.99 |
| 020 ## - INTERNATIONAL STANDARD BOOK NUMBER | |
| International Standard Book Number | 1442488484 : PAP |
| Terms of availability | $5.99 |
| Qualifying information | pbk. |
| 037 ## - SOURCE OF ACQUISITION | |
| Source of stock number/acquisition | Simon & Schuster, 100 Front st, Riverside, NJ, USA, 08075-7500 |
| Note | SAN 200-2442 |
| 040 ## - CATALOGING SOURCE | |
| Original cataloging agency | NjBwBT |
| Language of cataloging | eng |
| Transcribing agency | NjBwBT |
| Description conventions | rda |
| Modifying agency | NjBwBT |
| 050 14 - LIBRARY OF CONGRESS CALL NUMBER | |
| Classification number | PZ7.H7427 |
| Item number | Are 2014 |
| 082 04 - DEWEY DECIMAL CLASSIFICATION NUMBER | |
| Classification number | [E] |
| Edition number | 23 |
| 092 ## - LOCALLY ASSIGNED DEWEY CALL NUMBER (OCLC) | |
| Classification number | E |
| 092 ## - LOCALLY ASSIGNED DEWEY CALL NUMBER (OCLC) | |
| Classification number | HOLUB |
| 100 1# - MAIN ENTRY--PERSONAL NAME | |
| Personal name | Holub, Joan, |
| Relator term | author. |
| 9 (RLIN) | 29539 |
| 245 10 - TITLE STATEMENT | |
| Title | Ares and the spear of fear / |
| Statement of responsibility, etc | Joan Holub and Suzanne Williams. |
| 250 ## - EDITION STATEMENT | |
| Edition statement | First Aladdin paperback edition. |
| 260 ## - PUBLICATION, DISTRIBUTION, ETC. (IMPRINT) | |
| Name of publisher, distributor, etc | Simon & Schuster |
| Date of publication, distribution, etc | 2014 |
| 264 #1 - Production, Publication, Distribution, Manufacture, and Copyright Notice. | |
| Place of production, publication, distribution, manufacture | New York : |
| Name of producer, publisher, distributor, manufacturer | Aladdin, |
| Date of production, publication, distribution, manufacture, or copyr | 2014. |
| 300 ## - PHYSICAL DESCRIPTION | |
| Extent | 102 pages : |
| Other physical details | illustrations ; |
| Dimensions | 22 cm. |
| 336 ## - Content Type | |
| Content type term | text |
| 337 ## - Media type | |
| Media type term | unmediated |
| 338 ## - Carrier type | |
| Carrier type term | volume |
| 490 1# - SERIES STATEMENT | |
| Series statement | Heroes in training ; |
| Volume number/sequential designation | #7 |
| 520 ## - SUMMARY, ETC. | |
| Summary, etc | The Olympians search for the spear of fear, a weapon that belongs to Ares but is currently held by the Amazonians. |
| 650 #1 - SUBJECT ADDED ENTRY--TOPICAL TERM | |
| Topical term or geographic name as entry element | Ares (Greek deity) |
| Form subdivision | Fiction. |
| 9 (RLIN) | 6518869 |
| 650 #1 - SUBJECT ADDED ENTRY--TOPICAL TERM | |
| Topical term or geographic name as entry element | Mythology, Greek |
| Form subdivision | Fiction. |
| 9 (RLIN) | 5674365 |
| 650 #1 - SUBJECT ADDED ENTRY--TOPICAL TERM | |
| Topical term or geographic name as entry element | Adventure and adventurers |
| Form subdivision | Fiction. |
| 9 (RLIN) | 102533 |
| 650 #1 - SUBJECT ADDED ENTRY--TOPICAL TERM | |
| Topical term or geographic name as entry element | Spears |
| Form subdivision | Fiction. |
| 9 (RLIN) | 6518870 |
| 700 1# - ADDED ENTRY--PERSONAL NAME | |
| Personal name | Williams, Suzanne, |
| Dates associated with a name | 1953- |
| Relator term | author. |
| 9 (RLIN) | 5752217 |
| 800 1# - SERIES ADDED ENTRY--PERSONAL NAME | |
| Personal name | Holub, Joan. |
| Title of a work | Heroes in training ; |
| Volume/sequential designation | #7. |
| 9 (RLIN) | 5892250 |
| 942 ## - ADDED ENTRY ELEMENTS (KOHA) | |
| Koha item type | BOOK |
| 998 ## - LOCAL CONTROL INFORMATION (RLIN) | |
| -- | a204431 |
| Withdrawn status | Lost status | Source of classification or shelving scheme | Damaged status | Not for loan | Collection code | Home library | Current library | Shelving location | Date acquired | Cost, normal purchase price | Total Checkouts | Total Renewals | Full call number | Barcode | Date last seen | Date checked out | Cost, replacement price | Price effective from | Koha item type |
|---|---|---|---|---|---|---|---|---|---|---|---|---|---|---|---|---|---|---|---|
| Dewey Decimal Classification | Junior Fiction | Wasatch County Library | Wasatch County Library | Main Floor Junior Area | 03/20/2015 | 15.99 | 23 | 5 | J Holub | 34301001204033 | 12/09/2025 | 09/16/2025 | 15.99 | 03/20/2020 | BOOK |
